Höchste Berge der Schweiz - Statistiken

Allgemein
  • Dieses Quiz wurde 140 mal gespielt
  • Das Durchschnittsergebnis liegt bei 4 aus 10
Antwortstatistiken
# Höhe Berggipfel % Korrekt
5 4478 m Matterhorn
98%
1 4634 m Dufourspitze
79%
2 4545 m Dom
57%
4 4505 m Weisshorn
47%
8 4274 m Finsteraarhorn
38%
10 4206 m Alphubel
26%
3 4527 m Liskamm
26%
6 4357 m Dent Blanche
25%
9 4221 m Zinalrothorn
24%
7 4314 m Grand Combin
18%
Keine übereinstimmenden Quizze gefunden
Verteilung der Resultate
Anzahl Personen mit jedem Resultat
Perzentil nach korrekt beantworteten Fragen
Ihre Resultats-Entwicklung
Sie haben dieses Quiz noch nicht gespielt